[Event "40. DFM/Finale"]
[Site "BdF-Schachserver"]
[Date "2010.02.02"]
[Round "?"]
[White "Anderskewitz, Ralf"]
[Black "Repp, Heinrich"]
[Result "1/2-1/2"]
[WhiteElo "2111"]
[BlackElo "2325"]
[PlyCount "67"]
[EventDate "2010.02.08"]
[SourceTitle "OM Corr 202003"]
[Source "Opening Master"]
[SourceDate "2019.05.30"]
[SourceVersion "2"]
[SourceVersionDate "2019.05.30"]
[SourceQuality "1"]
[WhiteTeam "Germany"]
[BlackTeam "Germany"]
[WhiteTeamCountry "GER"]
[BlackTeamCountry "GER"]

1. e4 e5 2. Nf3 Nc6 3. c3 Nf6 4. d4 exd4 5. e5 Nd5 6. cxd4 d6 7. Bb5 Be7 8. Nc3
Be6 9. O-O O-O 10. Qe2 Qd7 11. Bg5 Rfe8 12. Bxe7 Rxe7 13. Rfd1 a6 14. Ba4 Nxc3
15. bxc3 Bd5 16. c4 Bxf3 17. Qxf3 dxe5 18. dxe5 Qe6 19. Qb3 Nxe5 20. Qxb7 Rf8
21. Qb4 Qf6 22. Rab1 Ng6 23. Re1 Re6 24. Rbd1 Nf4 25. Qd2 g6 26. g3 Nh3+ 27.
Kg2 Ng5 28. Re3 Rb8 29. Rb3 Rxb3 30. Qd8+ Kg7 31. Qxf6+ Kxf6 32. axb3 Ne4 33.
Rd7 Re7 34. Rd5 1/2-1/2

[Event "Nova Gorica op-B 15th"]
[Site "Nova Gorica"]
[Date "2010.02.01"]
[Round "3"]
[White "Jaksa, Cvetko"]
[Black "Janzekovic, Klemen"]
[Result "1-0"]
[WhiteElo "2042"]
[BlackElo "1868"]
[PlyCount "55"]
[EventDate "2010.01.31"]
[EventType "swiss"]
[EventRounds "9"]
[EventCountry "SLO"]
[SourceTitle "CBM 134 Extra"]
[Source "ChessBase"]
[SourceDate "2010.03.03"]
[SourceVersion "1"]
[SourceVersionDate "2010.03.03"]
[SourceQuality "1"]

1. e4 e5 2. Nf3 Nc6 3. c3 Nf6 4. d4 Nxe4 5. d5 Ne7 6. Nxe5 Nf6 7. c4 d6 8. Qa4+
Bd7 9. Nxd7 Nxd7 10. Bd3 g6 11. Be3 Bg7 12. Nc3 O-O 13. O-O Ne5 14. Qc2 Qd7 15.
Rfe1 Qg4 16. Be2 Qf5 17. Ne4 Qd7 18. Bh6 Nf5 19. Bxg7 Kxg7 20. Qc3 f6 21. f4
Nf7 22. Nxf6 Qe7 23. Ng4+ Kg8 24. Bd3 Qh4 25. Bxf5 gxf5 26. Nf6+ Kg7 27. Ne8+
Kg6 28. Re6+ 1-0

[Event "Leverkusen-ch op"]
[Site "Leverkusen"]
[Date "2010.02.01"]
[Round "2"]
[White "Van Kempen, Susanne"]
[Black "Engels, Immanuel"]
[Result "1-0"]
[WhiteElo "1564"]
[BlackElo "1120"]
[PlyCount "79"]
[EventDate "2010.01.18"]
[EventType "swiss"]
[EventRounds "7"]
[EventCountry "GER"]
[SourceTitle "EXT 2011"]
[Source "ChessBase"]
[SourceDate "2010.11.26"]
[SourceVersion "1"]
[SourceVersionDate "2010.11.26"]
[SourceQuality "1"]

1. e4 e5 2. Nf3 Nc6 3. c3 Nf6 4. d4 d6 5. dxe5 Nxe4 6. Qd5 Nc5 7. Bb5 Bd7 8.
exd6 Bxd6 9. Be3 Ne6 10. O-O O-O 11. Bd3 Bc8 12. Qe4 g6 13. Rd1 Re8 14. Qa4 Qf6
15. Nbd2 Bd7 16. Ne4 Qe7 17. Nxd6 cxd6 18. Qc2 Rad8 19. Re1 Qf8 20. h4 Nc5 21.
Qd2 Nxd3 22. Bh6 Rxe1+ 23. Rxe1 Nxe1 24. Bxf8 Nxf3+ 25. gxf3 Rxf8 26. Qxd6 Nb8
27. b4 Bc6 28. Kg2 Nd7 29. c4 a6 30. a4 Nb6 31. b5 Nxc4 32. Qc5 Na5 33. bxc6
Nxc6 34. Qb6 Rb8 35. Kg3 Kg7 36. f4 Kf6 37. Kf3 Kf5 38. Qb1+ Ke6 39. Qb3+ Kf5
40. Qxf7# 1-0

[Event "AUT-chT2M 0910"]
[Site "Austria"]
[Date "2010.01.31"]
[Round "6.2"]
[White "Kranzl, Peter"]
[Black "Sakelsek, Tadej"]
[Result "1/2-1/2"]
[WhiteElo "2285"]
[BlackElo "2403"]
[PlyCount "55"]
[EventDate "2009.10.10"]
[EventType "team-tourn"]
[EventRounds "11"]
[EventCountry "AUT"]
[SourceTitle "EXT 2011"]
[Source "ChessBase"]
[SourceDate "2010.11.26"]
[SourceVersion "1"]
[SourceVersionDate "2010.11.26"]
[SourceQuality "1"]
[WhiteTeam "St Valentin"]
[BlackTeam "Graz Austria"]
[WhiteTeamCountry "AUT"]
[BlackTeamCountry "AUT"]

1. e4 e5 2. Nf3 Nc6 3. c3 d6 4. d4 Nf6 5. Nbd2 Be7 6. Bb5 exd4 7. Nxd4 Bd7 8.
O-O O-O 9. Re1 Nxd4 10. Bxd7 Nf3+ 11. Nxf3 Nxd7 12. Bf4 Bf6 13. e5 dxe5 14.
Nxe5 Nxe5 15. Bxe5 Bxe5 16. Rxe5 Qxd1+ 17. Rxd1 Rfd8 18. Red5 Rxd5 19. Rxd5 Kf8
20. Kf1 Ke7 21. Ke2 Rd8 22. Rxd8 Kxd8 23. Kd2 Kd7 24. Kd3 Ke7 25. Ke3 Kd7 26.
Kd3 Ke7 27. Ke3 Kd7 28. Kd3 1/2-1/2

[Event "HUN-chT2 Breyer 0910"]
[Site "Hungary"]
[Date "2010.01.31"]
[Round "5"]
[White "Szinavel, Zsolt"]
[Black "Vagvolgyi, Istvan"]
[Result "1-0"]
[WhiteElo "2145"]
[BlackElo "1992"]
[PlyCount "63"]
[EventDate "2009.11.08"]
[EventType "team-tourn"]
[EventRounds "11"]
[EventCountry "HUN"]
[SourceTitle "EXT 2011"]
[Source "ChessBase"]
[SourceDate "2010.11.26"]
[SourceVersion "1"]
[SourceVersionDate "2010.11.26"]
[SourceQuality "1"]
[WhiteTeam "Kisber Aszar"]
[BlackTeam "Zoltek"]
[WhiteTeamCountry "HUN"]
[BlackTeamCountry "HUN"]

1. e4 e5 2. Nf3 Nc6 3. c3 Nf6 4. d4 exd4 5. e5 Nd5 6. Qb3 Nb6 7. cxd4 Bb4+ 8.
Nc3 O-O 9. Bb5 a6 10. Bxc6 Bxc3+ 11. bxc3 dxc6 12. h3 Be6 13. Qd1 Bc4 14. Qc2
Qe7 15. Ng5 g6 16. Ne4 Rfe8 17. Bg5 Qe6 18. Qd2 Nd5 19. O-O-O f5 20. Nc5 Qf7
21. e6 Qg7 22. Rhe1 b6 23. Nd7 Rxe6 24. Rxe6 Qxd7 25. Rde1 c5 26. R6e5 Qa4 27.
dxc5 c6 28. Rxd5 Bxd5 29. cxb6 Bxa2 30. b7 Rb8 31. Qd6 Rxb7 32. Re8+ 1-0

[Event "AUT-chT2M 0910"]
[Site "Austria"]
[Date "2010.01.30"]
[Round "5.6"]
[White "Sandner, Wolfgang"]
[Black "Schink, Barbara"]
[Result "1/2-1/2"]
[WhiteElo "2224"]
[BlackElo "2057"]
[PlyCount "119"]
[EventDate "2009.10.10"]
[EventType "team-tourn"]
[EventRounds "11"]
[EventCountry "AUT"]
[SourceTitle "EXT 2011"]
[Source "ChessBase"]
[SourceDate "2010.11.26"]
[SourceVersion "1"]
[SourceVersionDate "2010.11.26"]
[SourceQuality "1"]
[WhiteTeam "Gleisdorf"]
[BlackTeam "Graz Strassenbahn"]
[WhiteTeamCountry "AUT"]
[BlackTeamCountry "AUT"]

1. e4 e5 2. Nf3 Nc6 3. c3 d5 4. d3 dxe4 5. dxe4 Qxd1+ 6. Kxd1 Bc5 7. b4 Bxf2 8.
b5 Nce7 9. Nxe5 Be6 10. Bd3 f6 11. Nf3 O-O-O 12. Kc2 Nh6 13. Rf1 Ng4 14. h3
Ne3+ 15. Bxe3 Bxe3 16. Re1 Bc5 17. Nbd2 Ng6 18. Nb3 Bf2 19. Red1 Rhe8 20. Nbd4
Bd7 21. Rf1 Bg3 22. Ne2 Bd6 23. a4 c5 24. Rad1 Be6 25. c4 Bf7 26. g3 Re7 27.
Rg1 Rde8 28. Nc3 Ne5 29. Nxe5 Rxe5 30. Be2 Bc7 31. Bg4+ Be6 32. Bxe6+ R5xe6 33.
Rd5 b6 34. g4 Be5 35. a5 Bxc3 36. Kxc3 Rxe4 37. axb6 Re3+ 38. Rd3 axb6 39. Ra1
Kb7 40. Rf1 Rxd3+ 41. Kxd3 Re6 42. Rg1 g6 43. Rf1 h6 44. Rf2 Kc7 45. Ra2 Kd6
46. Ra8 f5 47. gxf5 gxf5 48. Rf8 Ke5 49. Ke3 Rd6 50. Re8+ Kf6 51. Rc8 Re6+ 52.
Kf3 Ke5 53. Ke3 f4+ 54. Kf3 Rd6 55. Re8+ Kf5 56. Rf8+ Kg5 57. Rg8+ Kf5 58. Rf8+
Ke5 59. Re8+ Kf5 60. Rg8 1/2-1/2

[Event "Belgrade-ch"]
[Site "Belgrade"]
[Date "2010.01.26"]
[Round "4"]
[White "Krneta, Milan"]
[Black "Vracevic, Goran"]
[Result "0-1"]
[WhiteElo "2010"]
[BlackElo "1689"]
[PlyCount "70"]
[EventDate "2010.01.23"]
[EventType "swiss"]
[EventRounds "9"]
[EventCountry "YUG"]
[SourceTitle "CBM 134 Extra"]
[Source "ChessBase"]
[SourceDate "2010.03.03"]
[SourceVersion "1"]
[SourceVersionDate "2010.03.03"]
[SourceQuality "1"]

1. e4 e5 2. Nf3 Nc6 3. c3 Nf6 4. d3 h6 5. Be2 Be7 6. h3 O-O 7. O-O d5 8. exd5
Qxd5 9. c4 Qd8 10. Nc3 Bf5 11. a3 e4 12. dxe4 Nxe4 13. Nxe4 Bxe4 14. Be3 Bf6
15. Qc1 Ne5 16. Nxe5 Bxe5 17. f4 Bf6 18. Bf3 Re8 19. Bxe4 Rxe4 20. Rf3 Qd3 21.
c5 Rae8 22. Bf2 Qb5 23. Rb1 Qd7 24. b4 Bd4 25. Qf1 Bxf2+ 26. Qxf2 Re2 27. Qh4
Qd4+ 28. Kh1 Qd2 29. Qg4 h5 30. Qg5 R8e6 31. Rg3 Rg6 32. Qh4 Rxg2 33. Qd8+ Qxd8
34. Rxg2 Rxg2 35. Kxg2 Qd2+ 0-1

[Event "Oberliga Ost-A 0910"]
[Site "Germany"]
[Date "2010.01.23"]
[Round "6.8"]
[White "Jahn, Constanze"]
[Black "Thiergen, Sven"]
[Result "1-0"]
[WhiteElo "2122"]
[BlackElo "2051"]
[PlyCount "117"]
[EventDate "2009.10.18"]
[EventType "team-tourn"]
[EventRounds "11"]
[EventCountry "GER"]
[SourceTitle "EXT 2011"]
[Source "ChessBase"]
[SourceDate "2010.11.26"]
[SourceVersion "1"]
[SourceVersionDate "2010.11.26"]
[SourceQuality "1"]
[WhiteTeam "Halle USV"]
[BlackTeam "Leipzig VfB"]
[WhiteTeamCountry "GER"]
[BlackTeamCountry "GER"]

1. e4 e5 2. Nf3 Nc6 3. c3 Nf6 4. d4 d5 5. Bb5 a6 6. Bxc6+ bxc6 7. Nxe5 Nxe4 8.
Qf3 Qf6 9. Qxf6 gxf6 10. Nxc6 a5 11. f3 Ng5 12. b4 axb4 13. Nxb4 Bxb4 14. cxb4
Ne6 15. Be3 Ba6 16. Nd2 Kd7 17. Kf2 Bb5 18. a3 Ra7 19. Nb3 Rha8 20. Na5 Ba4 21.
Rac1 Bb5 22. Rhd1 Re8 23. Rc3 Rea8 24. Ra1 Ba4 25. g4 Rh8 26. Rg1 h5 27. g5
fxg5 28. Bxg5 Rg8 29. Bf6 Rxg1 30. Kxg1 Ra8 31. Kf2 Rg8 32. Nb7 c6 33. Be5 Bb5
34. f4 Ba6 35. Na5 Bb5 36. Rh3 f6 37. Bxf6 Nxf4 38. Rf3 Rg2+ 39. Ke3 Ne6 40.
Rf2 Rg4 41. Nb3 Re4+ 42. Kd2 Bc4 43. Nc5+ Nxc5 44. bxc5 Bb5 45. Be5 Ke8 46. Rf6
Kd7 47. Rh6 h4 48. Kc3 Kc8 49. Rh7 Re3+ 50. Kb4 h3 51. a4 Bc4 52. Rc7+ Kb8 53.
Rxc6+ Kb7 54. Rc7+ Ka6 55. c6 Rb3+ 56. Kc5 Rb8 57. Rh7 Rc8 58. Rxh3 Ka5 59. Rh8
1-0

[Event "OP-01051"]
[Site "LSS"]
[Date "2010.01.18"]
[Round "?"]
[White "Sas, Istvan"]
[Black "Zalascek, Vlado"]
[Result "0-1"]
[WhiteElo "761"]
[BlackElo "800"]
[PlyCount "86"]
[EventDate "2010.01.13"]

1. e4 e5 2. Nf3 Nc6 3. c3 Nf6 4. d3 d6 5. h3 h6 6. Nbd2 g6 7. Nc4 b5 8. Ne3 a6
9. Bd2 Bg7 10. g4 Nh7 11. h4 Ne7 12. c4 c6 13. b3 bxc4 14. bxc4 d5 15. cxd5
cxd5 16. Bh3 dxe4 17. dxe4 Bb7 18. g5 h5 19. O-O Bxe4 20. Qa4+ Bc6 21. Qd1 Bxf3
22. Qxf3 e4 23. Qe2 Bxa1 24. Rxa1 O-O 25. Rd1 Re8 26. Bg2 Nc6 27. f4 Qb6 28.
Bc3 Nf8 29. Kh1 Qc5 30. Rc1 Qd6 31. Qf1 Qe6 32. Qe2 Nd7 33. Kh2 Nc5 34. Bf6 Nd3
35. Bh3 Qd6 36. Rf1 Rab8 37. Nc4 Qc7 38. Ne5 Rb2 39. Qxb2 Nxb2 40. Nxc6 Qxc6
41. Rf2 Nd3 42. Rd2 Qc7 43. Kg3 Qxf4+ 0-1

[Event "AUT-chT 0910"]
[Site "Austria"]
[Date "2010.01.17"]
[Round "7.1"]
[White "Boros, Denes"]
[Black "Gyimesi, Zoltan"]
[Result "1-0"]
[WhiteElo "2494"]
[BlackElo "2586"]
[PlyCount "113"]
[EventDate "2009.11.06"]
[EventType "team-tourn"]
[EventRounds "11"]
[EventCountry "AUT"]
[SourceTitle "EXT 2011"]
[Source "ChessBase"]
[SourceDate "2010.11.26"]
[SourceVersion "1"]
[SourceVersionDate "2010.11.26"]
[SourceQuality "1"]
[WhiteTeam "Wien Husek"]
[BlackTeam "Jenbach"]
[WhiteTeamCountry "AUT"]
[BlackTeamCountry "AUT"]

1. e4 e5 2. Nf3 Nc6 3. c3 Nf6 4. d3 g6 5. b4 d6 6. g3 Bg7 7. Bg2 O-O 8. O-O h6
9. Nbd2 Be6 10. b5 Ne7 11. a4 a6 12. Rb1 axb5 13. axb5 Qd7 14. d4 exd4 15. cxd4
Ra2 16. Re1 Rfa8 17. d5 Bh3 18. Qb3 Bxg2 19. Kxg2 Ng4 20. Bb2 Bxb2 21. Rxb2
R2a3 22. Qc2 f5 23. b6 c5 24. dxc6 Qxc6 25. exf5 Ne5 26. Qxc6 N7xc6 27. Nxe5
Nxe5 28. Rc2 gxf5 29. Nc4 Nxc4 30. Rxc4 Rb3 31. Rc7 Rxb6 32. Re6 Rd8 33. Rg6+
Kh8 34. Rxh6+ Kg8 35. Rg6+ Kh8 36. Rh6+ Kg8 37. Rg6+ Kh8 38. h4 Rb4 39. Rh6+
Kg8 40. Rg6+ Kh8 41. Rh6+ Kg8 42. Rch7 Rf8 43. Rh8+ Kf7 44. Rxf8+ Kxf8 45. Rf6+
Ke7 46. Rxf5 Ke6 47. Rf8 Ke7 48. Rf3 d5 49. h5 d4 50. Rf4 Rb5 51. g4 Rd5 52.
Kf1 Rd6 53. Ke2 d3+ 54. Kd2 b5 55. Rb4 Rd5 56. Rb3 Rd4 57. f3 1-0

[Event "CZE-chT2F 0910"]
[Site "Czechia"]
[Date "2010.01.17"]
[Round "5.7"]
[White "Kocur, Ales"]
[Black "Holeksa, Milos"]
[Result "0-1"]
[WhiteElo "1922"]
[BlackElo "2095"]
[PlyCount "82"]
[EventDate "2009.10.18"]
[EventType "team-tourn"]
[EventRounds "11"]
[EventCountry "CZE"]
[SourceTitle "EXT 2012"]
[Source "ChessBase"]
[SourceDate "2011.11.24"]
[SourceVersion "1"]
[SourceVersionDate "2011.11.24"]
[SourceQuality "1"]
[WhiteTeam "Frydek Mistek II"]
[BlackTeam "Havirov"]
[WhiteTeamCountry "CZE"]
[BlackTeamCountry "CZE"]

1. e4 e5 2. Nf3 Nc6 3. c3 d6 4. d4 Be7 5. Bb5 Bd7 6. O-O Bf6 7. Re1 Nge7 8. d5
Nb8 9. Qb3 Qc8 10. Bd3 O-O 11. Be3 Ng6 12. Nbd2 a5 13. Qa3 Na6 14. Rac1 b6 15.
Be2 a4 16. b4 axb3 17. axb3 b5 18. Qb2 Qb7 19. c4 c5 20. dxc6 Bxc6 21. cxb5
Bxb5 22. Bxb5 Qxb5 23. Nc4 d5 24. exd5 Rab8 25. Qa3 Nb4 26. Red1 Ra8 27. Qb2 e4
28. Nd4 Qb7 29. Qb1 Nd3 30. Rc3 Bxd4 31. Bxd4 Qxd5 32. Be3 Rab8 33. f3 f5 34.
Nb6 Qe6 35. Na4 Ngf4 36. Qc2 Nd5 37. Bd4 Nxc3 38. Qxc3 Rxb3 39. Qc7 Qg6 40. Kf1
Rb4 41. Bc5 Rc4 0-1

[Event "Alpenpokal"]
[Site "Oberstdorf (Germany)"]
[Date "2010.01.17"]
[Round "4"]
[White "Wempe, Juergen"]
[Black "Aigner, Georg"]
[Result "1-0"]
[WhiteElo "2161"]
[BlackElo "1986"]
[PlyCount "85"]
[EventDate "2010.??.??"]
[EventRounds "9"]
[SourceTitle "OM OTB B 201907"]
[Source "Opening Master"]
[SourceDate "2019.07.06"]
[SourceVersion "2"]
[SourceVersionDate "2019.07.06"]
[SourceQuality "1"]

1. e4 e5 2. Nf3 Nc6 3. c3 Nf6 4. d4 Nxe4 5. d5 Bc5 6. dxc6 Nxf2 7. Qd5 dxc6 8.
Qxc5 Qd1+ 9. Kxf2 Qxc1 10. Qxe5+ Be6 11. Qe2 O-O-O 12. g3 Rd1 13. Nd4 c5 14.
Nxe6 fxe6 15. Kg2 e5 16. c4 Rhd8 17. Nc3 Qxa1 18. Nxd1 Rxd1 19. Kf2 Kb8 20.
Qxe5 a6 21. Qxg7 Rd2+ 22. Kg1 Rxb2 23. Qf8+ Ka7 24. Qxc5+ Kb8 25. h4 Rb1 26.
Qf8+ Ka7 27. Qf2+ Kb8 28. Rh2 a5 29. Qf8+ Ka7 30. Qc5+ Kb8 31. Rf2 Rb6 32. Rf8+
Ka7 33. Qxa5+ Ra6 34. Qc5+ Rb6 35. Qa3+ Ra6 36. Qe3+ Rb6 37. c5 Ra6 38. c6+ Rb6
39. cxb7 Kxb7 40. Qe4+ Rc6 41. Kh2 Kb6 42. Qb4+ Ka7 43. Qb8# 1-0

[Event "Blagoevgrad Kirov Memorial 2nd"]
[Site "Blagoevgrad"]
[Date "2010.01.16"]
[Round "8"]
[White "Nikolov, Sasho"]
[Black "Radulski, Julian"]
[Result "0-1"]
[WhiteElo "2403"]
[BlackElo "2577"]
[PlyCount "28"]
[EventDate "2010.01.11"]
[EventType "swiss"]
[EventRounds "9"]
[EventCountry "BUL"]
[SourceTitle "CBM 134 Extra"]
[Source "ChessBase"]
[SourceDate "2010.03.03"]
[SourceVersion "1"]
[SourceVersionDate "2010.03.03"]
[SourceQuality "1"]

1. e4 e5 2. Nf3 Nc6 3. c3 d5 4. Bb5 dxe4 5. Nxe5 Qg5 6. Qa4 Qxg2 7. Rf1 Bh3 8.
Kd1 Bd6 9. Re1 Nf6 10. Nxc6 O-O 11. Nd4 c5 12. Bf1 Bg4+ 13. Ne2 Qxf2 14. h3 Bg3
0-1

[Event "Steinfurt Bezirksklasse 0910"]
[Site "Germany"]
[Date "2010.01.16"]
[Round "3.7"]
[White "Sowa, Rudolf"]
[Black "Schulte, Andre"]
[Result "1-0"]
[WhiteElo "1591"]
[BlackElo "1120"]
[PlyCount "57"]
[EventDate "2009.09.26"]
[EventType "team-tourn"]
[EventRounds "7"]
[EventCountry "GER"]
[SourceTitle "EXT 2011"]
[Source "ChessBase"]
[SourceDate "2010.11.26"]
[SourceVersion "1"]
[SourceVersionDate "2010.11.26"]
[SourceQuality "1"]
[WhiteTeam "Emsdetten Rochade III"]
[BlackTeam "Steinfurt IV"]
[WhiteTeamCountry "GER"]
[BlackTeamCountry "GER"]

1. e4 e5 2. Nf3 Nc6 3. c3 Nf6 4. d3 d6 5. Be2 g6 6. O-O Bg7 7. d4 Qd7 8. d5 Ne7
9. Nbd2 c6 10. c4 cxd5 11. cxd5 Bh6 12. h3 Bxd2 13. Nxd2 h5 14. b4 g5 15. a4 a6
16. b5 Qc7 17. Bb2 Ng6 18. Rc1 Qd7 19. b6 g4 20. Rc7 Qd8 21. hxg4 hxg4 22. g3
Nf4 23. Bc4 N6xd5 24. Rxc8 Rxc8 25. Qxg4 Rxc4 26. Nxc4 Nxb6 27. gxf4 Ke7 28.
Qg5+ f6 29. Qg7+ 1-0

[Event "BCF-chT3 0910 (4NCL)"]
[Site "England"]
[Date "2010.01.16"]
[Round "3"]
[White "McCullough, Simon L"]
[Black "Ruthen, Steven W"]
[Result "1-0"]
[WhiteElo "1986"]
[BlackElo "2093"]
[PlyCount "137"]
[EventDate "2009.10.24"]
[EventType "team-tourn"]
[EventRounds "11"]
[EventCountry "ENG"]
[SourceTitle "EXT 2011"]
[Source "ChessBase"]
[SourceDate "2010.11.26"]
[SourceVersion "1"]
[SourceVersionDate "2010.11.26"]
[SourceQuality "1"]

1. e4 e5 2. Nf3 Nc6 3. c3 d5 4. Qa4 Bd7 5. exd5 Nd4 6. Qd1 Nxf3+ 7. Qxf3 Nf6 8.
Bc4 e4 9. Qe2 Bc5 10. d4 Bd6 11. Bg5 Qe7 12. Nd2 O-O-O 13. O-O Rde8 14. Rae1 h6
15. Bxf6 Qxf6 16. Nxe4 Bxh2+ 17. Kxh2 Qh4+ 18. Kg1 f5 19. Bb5 fxe4 20. Bxd7+
Kxd7 21. Qb5+ Kc8 22. Qc5 Kb8 23. d6 c6 24. d7 Re6 25. Re3 Rd8 26. Qf5 Qf6 27.
Qxf6 Rxf6 28. Rxe4 Rxd7 29. Rfe1 Kc7 30. Re7 Rf7 31. Rxf7 Rxf7 32. Re6 Kd7 33.
Rg6 Re7 34. f4 Ke8 35. Kf2 Kf7 36. Rd6 Ke8 37. d5 cxd5 38. Rxd5 Kf7 39. Rd6 Ke8
40. g4 Re4 41. Rd4 Re7 42. Ra4 a6 43. Rb4 Kd8 44. Rb6 Kc7 45. Rg6 Kd7 46. Kf3
Ke8 47. f5 Kf7 48. Rb6 Kf8 49. Kf4 Kf7 50. b3 Kf8 51. c4 Rc7 52. Ke5 Kf7 53.
Kd6 Re7 54. Kc5 Rc7+ 55. Kb4 Re7 56. Kc3 Ke8 57. Kd4 Kd8 58. Rg6 Kc7 59. Kd5
Kd7 60. c5 Rf7 61. c6+ bxc6+ 62. Rxc6 h5 63. Rxa6 hxg4 64. Ra7+ Ke8 65. Rxf7
Kxf7 66. Ke4 g3 67. Kf3 Kf6 68. Kxg3 Kxf5 69. a4 1-0

[Event "Perényi Béla Évadnyitó nyílt"]
[Site "Budapest"]
[Date "2010.01.13"]
[Round "6"]
[White "Csapo, Zoltan"]
[Black "Mester, Attila"]
[Result "1/2-1/2"]
[WhiteElo "2116"]
[BlackElo "2081"]
[PlyCount "84"]
[EventDate "2010.01.08"]
[EventRounds "9"]
[EventCountry "HUN"]
[SourceTitle "OM OTB B 201907"]
[Source "Opening Master"]
[SourceDate "2019.07.06"]
[SourceVersion "2"]
[SourceVersionDate "2019.07.06"]
[SourceQuality "1"]

1. e4 e5 2. Nf3 Nc6 3. c3 d5 4. Bb5 dxe4 5. Nxe5 Qd5 6. Bxc6+ bxc6 7. d4 exd3
8. O-O Be6 9. Re1 Bd6 10. c4 Qd4 11. Nxc6 Qxc4 12. Ne5 Bxe5 13. Rxe5 Nf6 14.
Nc3 O-O 15. Qf3 Qd4 16. Bf4 Rab8 17. Re3 Bc4 18. Be5 Qd8 19. b3 Ba6 20. Qf5 Rb6
21. Rg3 g6 22. h4 Nd5 23. h5 Nxc3 24. Bxc3 Re8 25. Qf4 Rc6 26. Bd2 Qf6 27. Qxf6
Rxf6 28. Re3 Rfe6 29. Rc1 c6 30. Rc5 Rxe3 31. fxe3 Bb7 32. Kf2 f5 33. hxg6 hxg6
34. g4 fxg4 35. Rg5 Re6 36. Rxg4 Rf6+ 37. Kg3 c5 38. Rf4 Ra6 39. a4 Bd5 40. b4
Rxa4 41. bxc5 Ra2 42. Rd4 Rxd2 1/2-1/2

[Event "Prague op-A 09th"]
[Site "Prague"]
[Date "2010.01.11"]
[Round "4"]
[White "Szablowski, Pawel"]
[Black "Dolezal, Radoslav Jr"]
[Result "1/2-1/2"]
[WhiteElo "2230"]
[BlackElo "2402"]
[PlyCount "64"]
[EventDate "2010.01.08"]
[EventType "swiss"]
[EventRounds "9"]
[EventCountry "CZE"]
[SourceTitle "CBM 134 Extra"]
[Source "ChessBase"]
[SourceDate "2010.03.03"]
[SourceVersion "1"]
[SourceVersionDate "2010.03.03"]
[SourceQuality "1"]

1. e4 e5 2. Nf3 Nc6 3. c3 Be7 4. d4 d6 5. Bb5 Bd7 6. O-O Nf6 7. Re1 O-O 8. d5
Nb8 9. Bxd7 Nfxd7 10. c4 a5 11. Nc3 Na6 12. Rb1 f5 13. exf5 Rxf5 14. a3 Qe8 15.
b4 axb4 16. axb4 Qg6 17. Nd2 Bg5 18. Nde4 Bxc1 19. Qxc1 Raf8 20. Qe3 b6 21. Qg3
Qh6 22. Rb2 Nf6 23. Nxf6+ R5xf6 24. Ne4 Rg6 25. Qa3 Nb8 26. c5 bxc5 27. bxc5
Nd7 28. cxd6 cxd6 29. Qe3 Qh4 30. Reb1 Nf6 31. Nxf6+ Rgxf6 32. f3 Qc4 1/2-1/2

[Event "Pleven Balkan GP final 1st"]
[Site "Pleven"]
[Date "2010.01.11"]
[Round "1"]
[White "Sedlak, Nikola"]
[Black "Stojanovic, Dalibor"]
[Result "1/2-1/2"]
[WhiteElo "2563"]
[BlackElo "2473"]
[PlyCount "111"]
[EventDate "2010.01.11"]
[EventType "tourn"]
[EventRounds "9"]
[EventCountry "BUL"]
[EventCategory "12"]
[SourceTitle "CBM 135"]
[Source "ChessBase"]
[SourceDate "2010.03.17"]
[SourceVersion "1"]
[SourceVersionDate "2010.03.17"]
[SourceQuality "1"]

1. e4 e5 2. Nf3 Nc6 3. c3 Nf6 4. d4 Nxe4 5. d5 Nb8 6. Bd3 Nf6 7. Nxe5 d6 8. Nf3
Be7 9. c4 O-O 10. Nc3 Re8 11. O-O Bg4 12. h3 Bh5 13. g4 Bg6 14. Bxg6 hxg6 15.
Bf4 Bf8 16. Bg3 Ne4 17. Nxe4 Rxe4 18. Qc2 Re8 19. Rfe1 Na6 20. Kg2 Qd7 21. a3
c6 22. dxc6 Qxc6 23. Qd3 Nc5 24. Qd5 Qxd5 25. cxd5 Nd3 26. Rxe8 Rxe8 27. Rd1
Nxb2 28. Rb1 Nc4 29. Rxb7 Nxa3 30. Rxa7 Nb5 31. Ra5 Rb8 32. Nd2 Be7 33. Nc4 f6
34. Bf4 g5 35. Be3 Nc3 36. Bd2 Ne4 37. Ra7 Bf8 38. Ba5 Rb5 39. Kf3 Nc5 40. Bb6
Rb4 41. Bxc5 Rxc4 42. Be3 Rc8 43. Ke4 Re8+ 44. Kd3 Be7 45. Bb6 Rb8 46. Rxe7
Rxb6 47. Rd7 Kf8 48. Kc4 g6 49. Rc7 Rb2 50. Rd7 Rb6 51. f3 Ke8 52. Rg7 Rb1 53.
Rxg6 Kf7 54. Rh6 Kg7 55. Rh5 Rc1+ 56. Kd3 1/2-1/2

[Event "Ch Provinciale TP"]
[Site "Erice (Italy)"]
[Date "2010.01.11"]
[Round "1"]
[White "Campo, Renato"]
[Black "Messina Rosario"]
[Result "1-0"]
[WhiteElo "2003"]
[BlackElo "1577"]
[PlyCount "51"]
[EventDate "2010.??.??"]
[EventRounds "6"]
[SourceTitle "OM OTB B 201907"]
[Source "Opening Master"]
[SourceDate "2019.07.06"]
[SourceVersion "2"]
[SourceVersionDate "2019.07.06"]
[SourceQuality "1"]

1. e4 e5 2. Nf3 Nc6 3. c3 Nf6 4. d4 exd4 5. e5 Qe7 6. cxd4 d6 7. Bb5 Bd7 8. O-O
Nd5 9. Re1 O-O-O 10. Bg5 Qe6 11. Bxd8 Kxd8 12. Nc3 Be7 13. exd6 Qxd6 14. Ne4
Qb4 15. Bxc6 Bxc6 16. Ne5 Be8 17. a3 Qb6 18. Qe2 f6 19. Nc4 Qe6 20. Qd2 Qa6 21.
Rac1 h6 22. Nc5 Qc6 23. Na5 Qb5 24. Ncxb7+ Kc8 25. Rxe7 Nxe7 26. Nd6+ 1-0

[Event "Ruhrgebiet VL2 0910"]
[Site "Germany"]
[Date "2010.01.10"]
[Round "5.1"]
[White "Krassowizkij, Jaroslaw"]
[Black "Hassenrueck, Helmut"]
[Result "1/2-1/2"]
[WhiteElo "2162"]
[BlackElo "2154"]
[PlyCount "37"]
[EventDate "2009.09.06"]
[EventType "team-tourn"]
[EventRounds "9"]
[EventCountry "GER"]
[SourceTitle "EXT 2011"]
[Source "ChessBase"]
[SourceDate "2010.11.26"]
[SourceVersion "1"]
[SourceVersionDate "2010.11.26"]
[SourceQuality "1"]
[WhiteTeam "Bottrop"]
[BlackTeam "Gladbeck"]
[WhiteTeamCountry "GER"]
[BlackTeamCountry "GER"]

1. e4 e5 2. Nf3 Nc6 3. c3 d5 4. Qa4 Bd7 5. exd5 Nd4 6. Qd1 Nxf3+ 7. Qxf3 Nf6 8.
d4 exd4 9. cxd4 Bb4+ 10. Nc3 O-O 11. Bc4 Re8+ 12. Be3 Bg4 13. Qg3 c6 14. O-O
Bxc3 15. bxc3 cxd5 16. Bd3 Qd7 17. Rab1 a6 18. Qh4 b5 19. Bg5 1/2-1/2

[Event "corr freechess"]
[Site "freechess.de"]
[Date "2010.01.09"]
[Round "?"]
[White "Bock, Michael"]
[Black "Wittig, Detlev"]
[Result "0-1"]
[WhiteElo "2157"]
[BlackElo "2025"]
[PlyCount "56"]
[EventDate "2010.??.??"]
[EventType "tourn (corr)"]
[SourceTitle "OM Corr 202003"]
[Source "Opening Master"]
[SourceDate "2019.05.30"]
[SourceVersion "2"]
[SourceVersionDate "2019.05.30"]
[SourceQuality "1"]

1. e4 e5 2. Nf3 Nc6 3. c3 Nf6 4. d3 d5 5. exd5 Qxd5 6. c4 Qd6 7. Be2 Bf5 8. Be3
Qb4+ 9. Qd2 Qxd2+ 10. Nbxd2 Rd8 11. a3 Bxd3 12. Bxd3 Rxd3 13. O-O Ng4 14. Rfe1
f5 15. b4 e4 16. Bg5 Kf7 17. Nh4 e3 18. fxe3 Rxd2 19. Nxf5 Rc2 20. c5 Kg6 21.
e4 Kxg5 22. h4+ Kh5 23. g3 a5 24. Red1 axb4 25. axb4 Nxb4 26. Rab1 Bxc5+ 27.
Kf1 Nh2+ 28. Ke1 Bf2# 0-1